Учебник русской политолоии

Đã lưu trong:
Sonraí Bibleagrafaíochta
Príomhúdar: Замалеев, А.Ф
Formáid: Leabhar
Foilsithe: Летний сад 2002
Clibeanna: Cuir Clib Leis
Gan Chlibeanna, Bí ar an gcéad duine leis an taifead seo a chlibeáil!
Thư viện lưu trữ: Mạng thư viện Đại học Đà Nẵng
LEADER 00562nam a2200217 a 4500
001 000029160
003 34838
005 20171030145630.0
008 171030s2002
040 |a LTT 
082 0 |a 320  |b DA-A 
100 1 |a Замалеев, А.Ф 
245 0 0 |a Учебник русской политолоии  |c А.Ф. Замалеев. 
260 |b Летний сад  |c 2002 
OWN |a LTT 
999 |a From the UDN01 
TYP |a Monograph 
TYP |a Printed language 
980 |a Mạng thư viện Đại học Đà Nẵng